<?xml version="1.0" encoding="UTF-8"?>
<record
    xmlns:xsi="http://www.w3.org/2001/XMLSchema-instance"
    xsi:schemaLocation="http://www.loc.gov/MARC21/slim http://www.loc.gov/standards/marcxml/schema/MARC21slim.xsd"
    xmlns="http://www.loc.gov/MARC21/slim">

  <leader>00500nam a2200181   4500</leader>
  <controlfield tag="003">SEACOMEC</controlfield>
  <controlfield tag="005">20241210124912.0</controlfield>
  <controlfield tag="008">231005b        |||||||| |||| 00| 0 eng d</controlfield>
  <datafield tag="020" ind1=" " ind2=" ">
    <subfield code="c">Rs. 250.00</subfield>
    <subfield code="a">9788125912118</subfield>
  </datafield>
  <datafield tag="040" ind1=" " ind2=" ">
    <subfield code="a">SEACOMEC</subfield>
  </datafield>
  <datafield tag="082" ind1=" " ind2=" ">
    <subfield code="a">005.133</subfield>
    <subfield code="b">J59</subfield>
  </datafield>
  <datafield tag="100" ind1="1" ind2=" ">
    <subfield code="a">Jeyapoovan, T.</subfield>
  </datafield>
  <datafield tag="245" ind1="1" ind2="2">
    <subfield code="a">A First course in Programming with C / </subfield>
    <subfield code="c">T. Jeyapoovan</subfield>
  </datafield>
  <datafield tag="260" ind1=" " ind2=" ">
    <subfield code="a">New Delhi</subfield>
    <subfield code="b">Vikas </subfield>
    <subfield code="c">2006</subfield>
  </datafield>
  <datafield tag="650" ind1=" " ind2=" ">
    <subfield code="a">Computer Programming, programs,data</subfield>
  </datafield>
  <datafield tag="650" ind1=" " ind2=" ">
    <subfield code="a">Programming Language</subfield>
  </datafield>
  <datafield tag="942" ind1=" " ind2=" ">
    <subfield code="c">BOOK</subfield>
  </datafield>
  <datafield tag="952" ind1=" " ind2=" ">
    <subfield code="0">0</subfield>
    <subfield code="1">0</subfield>
    <subfield code="2">ddc</subfield>
    <subfield code="4">0</subfield>
    <subfield code="7">0</subfield>
    <subfield code="a">SEACOMEC</subfield>
    <subfield code="b">SEACOMEC</subfield>
    <subfield code="d">2024-04-03</subfield>
    <subfield code="l">0</subfield>
    <subfield code="o">005.133 J59</subfield>
    <subfield code="p">4682</subfield>
    <subfield code="r">2024-04-03 14:26:30</subfield>
    <subfield code="w">2024-04-03</subfield>
    <subfield code="y">BOOK</subfield>
  </datafield>
  <datafield tag="952" ind1=" " ind2=" ">
    <subfield code="0">0</subfield>
    <subfield code="1">0</subfield>
    <subfield code="2">ddc</subfield>
    <subfield code="4">0</subfield>
    <subfield code="7">0</subfield>
    <subfield code="a">SEACOMEC</subfield>
    <subfield code="b">SEACOMEC</subfield>
    <subfield code="d">2024-04-03</subfield>
    <subfield code="l">1</subfield>
    <subfield code="o">005.133 J59</subfield>
    <subfield code="p">4683</subfield>
    <subfield code="q">2026-04-23</subfield>
    <subfield code="r">2026-04-09 15:21:31</subfield>
    <subfield code="s">2026-04-09</subfield>
    <subfield code="t">1</subfield>
    <subfield code="w">2024-04-03</subfield>
    <subfield code="y">BOOK</subfield>
  </datafield>
  <datafield tag="952" ind1=" " ind2=" ">
    <subfield code="0">0</subfield>
    <subfield code="1">0</subfield>
    <subfield code="2">ddc</subfield>
    <subfield code="4">0</subfield>
    <subfield code="7">0</subfield>
    <subfield code="a">SEACOMEC</subfield>
    <subfield code="b">SEACOMEC</subfield>
    <subfield code="d">2024-04-03</subfield>
    <subfield code="l">0</subfield>
    <subfield code="o">005.133 J59</subfield>
    <subfield code="p">4684</subfield>
    <subfield code="r">2024-04-03 14:26:48</subfield>
    <subfield code="t">2</subfield>
    <subfield code="w">2024-04-03</subfield>
    <subfield code="y">BOOK</subfield>
  </datafield>
  <datafield tag="952" ind1=" " ind2=" ">
    <subfield code="0">0</subfield>
    <subfield code="1">0</subfield>
    <subfield code="2">ddc</subfield>
    <subfield code="4">0</subfield>
    <subfield code="7">0</subfield>
    <subfield code="a">SEACOMEC</subfield>
    <subfield code="b">SEACOMEC</subfield>
    <subfield code="d">2024-04-03</subfield>
    <subfield code="l">0</subfield>
    <subfield code="o">005.133 J59</subfield>
    <subfield code="p">4685</subfield>
    <subfield code="r">2024-04-03 14:26:48</subfield>
    <subfield code="t">3</subfield>
    <subfield code="w">2024-04-03</subfield>
    <subfield code="y">BOOK</subfield>
  </datafield>
  <datafield tag="952" ind1=" " ind2=" ">
    <subfield code="0">0</subfield>
    <subfield code="1">0</subfield>
    <subfield code="2">ddc</subfield>
    <subfield code="4">0</subfield>
    <subfield code="7">0</subfield>
    <subfield code="a">SEACOMEC</subfield>
    <subfield code="b">SEACOMEC</subfield>
    <subfield code="d">2024-04-03</subfield>
    <subfield code="l">0</subfield>
    <subfield code="o">005.133 J59</subfield>
    <subfield code="p">4686</subfield>
    <subfield code="r">2024-04-03 14:26:48</subfield>
    <subfield code="t">4</subfield>
    <subfield code="w">2024-04-03</subfield>
    <subfield code="y">BOOK</subfield>
  </datafield>
  <datafield tag="952" ind1=" " ind2=" ">
    <subfield code="0">0</subfield>
    <subfield code="1">0</subfield>
    <subfield code="2">ddc</subfield>
    <subfield code="4">0</subfield>
    <subfield code="7">0</subfield>
    <subfield code="a">SEACOMEC</subfield>
    <subfield code="b">SEACOMEC</subfield>
    <subfield code="d">2024-04-03</subfield>
    <subfield code="l">0</subfield>
    <subfield code="o">005.133 J59</subfield>
    <subfield code="p">4687</subfield>
    <subfield code="r">2024-04-03 14:26:48</subfield>
    <subfield code="t">5</subfield>
    <subfield code="w">2024-04-03</subfield>
    <subfield code="y">BOOK</subfield>
  </datafield>
  <datafield tag="952" ind1=" " ind2=" ">
    <subfield code="0">0</subfield>
    <subfield code="1">0</subfield>
    <subfield code="2">ddc</subfield>
    <subfield code="4">0</subfield>
    <subfield code="7">0</subfield>
    <subfield code="a">SEACOMEC</subfield>
    <subfield code="b">SEACOMEC</subfield>
    <subfield code="d">2024-04-03</subfield>
    <subfield code="l">0</subfield>
    <subfield code="o">005.133 J59</subfield>
    <subfield code="p">4688</subfield>
    <subfield code="r">2024-04-03 14:26:48</subfield>
    <subfield code="t">6</subfield>
    <subfield code="w">2024-04-03</subfield>
    <subfield code="y">BOOK</subfield>
  </datafield>
  <datafield tag="952" ind1=" " ind2=" ">
    <subfield code="0">0</subfield>
    <subfield code="1">0</subfield>
    <subfield code="2">ddc</subfield>
    <subfield code="4">0</subfield>
    <subfield code="7">0</subfield>
    <subfield code="a">SEACOMEC</subfield>
    <subfield code="b">SEACOMEC</subfield>
    <subfield code="d">2024-04-03</subfield>
    <subfield code="l">0</subfield>
    <subfield code="o">005.133 J59</subfield>
    <subfield code="p">4689</subfield>
    <subfield code="r">2024-04-03 14:26:48</subfield>
    <subfield code="t">7</subfield>
    <subfield code="w">2024-04-03</subfield>
    <subfield code="y">BOOK</subfield>
  </datafield>
  <datafield tag="952" ind1=" " ind2=" ">
    <subfield code="0">0</subfield>
    <subfield code="1">0</subfield>
    <subfield code="2">ddc</subfield>
    <subfield code="4">0</subfield>
    <subfield code="7">0</subfield>
    <subfield code="a">SEACOMEC</subfield>
    <subfield code="b">SEACOMEC</subfield>
    <subfield code="d">2024-04-03</subfield>
    <subfield code="l">0</subfield>
    <subfield code="o">005.133 J59</subfield>
    <subfield code="p">4690</subfield>
    <subfield code="r">2024-04-03 14:26:48</subfield>
    <subfield code="t">8</subfield>
    <subfield code="w">2024-04-03</subfield>
    <subfield code="y">BOOK</subfield>
  </datafield>
  <datafield tag="952" ind1=" " ind2=" ">
    <subfield code="0">0</subfield>
    <subfield code="1">0</subfield>
    <subfield code="2">ddc</subfield>
    <subfield code="4">0</subfield>
    <subfield code="7">0</subfield>
    <subfield code="a">SEACOMEC</subfield>
    <subfield code="b">SEACOMEC</subfield>
    <subfield code="d">2024-04-03</subfield>
    <subfield code="l">0</subfield>
    <subfield code="o">005.133 J59</subfield>
    <subfield code="p">4691</subfield>
    <subfield code="r">2024-04-03 14:26:48</subfield>
    <subfield code="t">9</subfield>
    <subfield code="w">2024-04-03</subfield>
    <subfield code="y">BOOK</subfield>
  </datafield>
  <datafield tag="952" ind1=" " ind2=" ">
    <subfield code="0">0</subfield>
    <subfield code="1">0</subfield>
    <subfield code="2">ddc</subfield>
    <subfield code="4">0</subfield>
    <subfield code="7">0</subfield>
    <subfield code="a">SEACOMEC</subfield>
    <subfield code="b">SEACOMEC</subfield>
    <subfield code="d">2007-02-12</subfield>
    <subfield code="l">0</subfield>
    <subfield code="o">005.133 J59</subfield>
    <subfield code="p">5894</subfield>
    <subfield code="r">2024-06-27 13:35:54</subfield>
    <subfield code="t">10</subfield>
    <subfield code="w">2024-06-27</subfield>
    <subfield code="y">BOOK</subfield>
  </datafield>
  <datafield tag="952" ind1=" " ind2=" ">
    <subfield code="0">0</subfield>
    <subfield code="1">0</subfield>
    <subfield code="2">ddc</subfield>
    <subfield code="4">0</subfield>
    <subfield code="7">0</subfield>
    <subfield code="a">SEACOMEC</subfield>
    <subfield code="b">SEACOMEC</subfield>
    <subfield code="d">2007-02-12</subfield>
    <subfield code="l">0</subfield>
    <subfield code="o">005.133 J59</subfield>
    <subfield code="p">5895</subfield>
    <subfield code="r">2024-06-27 13:35:54</subfield>
    <subfield code="t">11</subfield>
    <subfield code="w">2024-06-27</subfield>
    <subfield code="y">BOOK</subfield>
  </datafield>
  <datafield tag="952" ind1=" " ind2=" ">
    <subfield code="0">0</subfield>
    <subfield code="1">0</subfield>
    <subfield code="2">ddc</subfield>
    <subfield code="4">0</subfield>
    <subfield code="7">0</subfield>
    <subfield code="a">SEACOMEC</subfield>
    <subfield code="b">SEACOMEC</subfield>
    <subfield code="d">2007-02-12</subfield>
    <subfield code="l">0</subfield>
    <subfield code="o">005.133 J59</subfield>
    <subfield code="p">5896</subfield>
    <subfield code="r">2024-06-27 13:35:54</subfield>
    <subfield code="t">12</subfield>
    <subfield code="w">2024-06-27</subfield>
    <subfield code="y">BOOK</subfield>
  </datafield>
  <datafield tag="952" ind1=" " ind2=" ">
    <subfield code="0">0</subfield>
    <subfield code="1">0</subfield>
    <subfield code="2">ddc</subfield>
    <subfield code="4">0</subfield>
    <subfield code="7">0</subfield>
    <subfield code="a">SEACOMEC</subfield>
    <subfield code="b">SEACOMEC</subfield>
    <subfield code="d">2007-02-12</subfield>
    <subfield code="l">1</subfield>
    <subfield code="o">005.133 J59</subfield>
    <subfield code="p">5897</subfield>
    <subfield code="q">2025-11-25</subfield>
    <subfield code="r">2025-11-11 15:33:14</subfield>
    <subfield code="s">2025-11-11</subfield>
    <subfield code="t">13</subfield>
    <subfield code="w">2024-06-27</subfield>
    <subfield code="y">BOOK</subfield>
  </datafield>
  <datafield tag="952" ind1=" " ind2=" ">
    <subfield code="0">0</subfield>
    <subfield code="1">0</subfield>
    <subfield code="2">ddc</subfield>
    <subfield code="4">0</subfield>
    <subfield code="7">0</subfield>
    <subfield code="a">SEACOMEC</subfield>
    <subfield code="b">SEACOMEC</subfield>
    <subfield code="d">2007-02-12</subfield>
    <subfield code="l">0</subfield>
    <subfield code="o">005.133 J59</subfield>
    <subfield code="p">5898</subfield>
    <subfield code="r">2024-06-27 13:35:54</subfield>
    <subfield code="t">14</subfield>
    <subfield code="w">2024-06-27</subfield>
    <subfield code="y">BOOK</subfield>
  </datafield>
  <datafield tag="952" ind1=" " ind2=" ">
    <subfield code="0">0</subfield>
    <subfield code="1">0</subfield>
    <subfield code="2">ddc</subfield>
    <subfield code="4">0</subfield>
    <subfield code="7">0</subfield>
    <subfield code="a">SEACOMEC</subfield>
    <subfield code="b">SEACOMEC</subfield>
    <subfield code="d">2008-04-08</subfield>
    <subfield code="l">0</subfield>
    <subfield code="o">005.133 J59</subfield>
    <subfield code="p">10799</subfield>
    <subfield code="r">2024-12-10 12:46:52</subfield>
    <subfield code="t">15</subfield>
    <subfield code="w">2024-12-10</subfield>
    <subfield code="y">BOOK</subfield>
  </datafield>
  <datafield tag="952" ind1=" " ind2=" ">
    <subfield code="0">0</subfield>
    <subfield code="1">0</subfield>
    <subfield code="2">ddc</subfield>
    <subfield code="4">0</subfield>
    <subfield code="7">0</subfield>
    <subfield code="a">SEACOMEC</subfield>
    <subfield code="b">SEACOMEC</subfield>
    <subfield code="d">2008-04-08</subfield>
    <subfield code="l">0</subfield>
    <subfield code="o">005.133 J59</subfield>
    <subfield code="p">10800</subfield>
    <subfield code="r">2024-12-10 12:46:52</subfield>
    <subfield code="t">16</subfield>
    <subfield code="w">2024-12-10</subfield>
    <subfield code="y">BOOK</subfield>
  </datafield>
  <datafield tag="952" ind1=" " ind2=" ">
    <subfield code="0">0</subfield>
    <subfield code="1">0</subfield>
    <subfield code="2">ddc</subfield>
    <subfield code="4">0</subfield>
    <subfield code="7">0</subfield>
    <subfield code="a">SEACOMEC</subfield>
    <subfield code="b">SEACOMEC</subfield>
    <subfield code="d">2008-04-08</subfield>
    <subfield code="l">0</subfield>
    <subfield code="o">005.133 J59</subfield>
    <subfield code="p">10801</subfield>
    <subfield code="r">2024-12-10 12:46:52</subfield>
    <subfield code="t">17</subfield>
    <subfield code="w">2024-12-10</subfield>
    <subfield code="y">BOOK</subfield>
  </datafield>
  <datafield tag="952" ind1=" " ind2=" ">
    <subfield code="0">0</subfield>
    <subfield code="1">0</subfield>
    <subfield code="2">ddc</subfield>
    <subfield code="4">0</subfield>
    <subfield code="7">0</subfield>
    <subfield code="a">SEACOMEC</subfield>
    <subfield code="b">SEACOMEC</subfield>
    <subfield code="d">2008-04-08</subfield>
    <subfield code="l">0</subfield>
    <subfield code="o">005.133 J59</subfield>
    <subfield code="p">10802</subfield>
    <subfield code="r">2024-12-10 12:46:52</subfield>
    <subfield code="t">18</subfield>
    <subfield code="w">2024-12-10</subfield>
    <subfield code="y">BOOK</subfield>
  </datafield>
  <datafield tag="999" ind1=" " ind2=" ">
    <subfield code="c">82</subfield>
    <subfield code="d">82</subfield>
  </datafield>
</record>
